000 01335cam a2200313 a 4500
001 2944501
003 ARRUPE
005 20130927140514.0
008 900710s1990 vtu b 001 0 eng
010 _a 90043697
020 _a0892813113 :
_c$12.95
040 _aDLC
_cDLC
_dDLC
050 0 0 _aBP603
_b.H375 1990
100 1 _aHassan, Steven.
_91645
245 1 0 _aCombatting cult mind control /
_cSteven Hassan.
260 _aRochester, Vt. :
_bPark Street Press,
_cc1990.
300 _axviii, 236 p. ;
_c23 cm.
504 _aIncludes bibliographical references (p. [221]-232) and index.
600 1 0 _aHassan, Steven.
_91646
650 0 _aCults.
_91647
650 0 _aCults
_xPsychology.
_xControversial literature
_xPsychological aspects
_91648
856 4 2 _3Contributor biographical information
_uhttp://www.loc.gov/catdir/enhancements/fy0644/90043697-b.html
856 4 2 _3Publisher description
_uhttp://www.loc.gov/catdir/enhancements/fy0644/90043697-d.html
856 4 1 _3Table of contents only
_uhttp://www.loc.gov/catdir/enhancements/fy0644/90043697-t.html
856 4 1 _3Sample text
_uhttp://www.loc.gov/catdir/enhancements/fy1305/90043697-s.html
906 _a7
_bcbc
_corignew
_d1
_eocip
_f19
_gy-gencatlg
942 _2lcc
_cMONOGRAPH
999 _c118138
_d118138